Lễ tang của người Si la huyện Mường Tè, tỉnh Lai Châu

محفوظ في:
التفاصيل البيبلوغرافية
المؤلف الرئيسي: Đoàn Trúc Quỳnh
التنسيق: كتاب
اللغة:Vietnamese
منشور في: H. Mỹ thuật 2016
الموضوعات:
الوسوم: إضافة وسم
لا توجد وسوم, كن أول من يضع وسما على هذه التسجيلة!
Thư viện lưu trữ: Mạng thư viện Đại học Đà Nẵng
LEADER 01151nam a2200325 4500
001 000025076
003 21567
005 20170508100510.0
008 170428s2016 viesd
041 0 |a vie 
082 1 4 |a 393.9309597  |b ĐO-Q 
100 1 |a Đoàn Trúc Quỳnh 
245 1 0 |a Lễ tang của người Si la huyện Mường Tè, tỉnh Lai Châu  |c Đoàn Trúc Quỳnh 
260 |a H.  |b Mỹ thuật  |c 2016 
300 |a 381 tr.  |c 21 cm. 
500 |a ĐTTS ghi: Hội văn nghệ dân gian Việt Nam 
650 0 4 |a Tang lễ  |x Phong tục tập quán  |x Người Si La  |z Lai Châu (Việt Nam) 
653 |a Người Si La 
653 |a Lễ tang 
653 |a Lai Châu 
OWN |a LSP 
AVA |a UDN50  |b LSP  |d 393.9309597 ĐO-Q  |e available  |t Error 5001 Not defined in file expand_doc_bib_avail.  |f 1  |g 0  |h N  |i 0  |k 1 
999 |a From the UDN01 
AVA |a UDN50  |b LSP  |d 393.9309597 ĐO-Q  |e available  |t Error 5001 Not defined in file expand_doc_bib_avail.  |f 1  |g 0  |h N  |i 0  |k 1 
TYP |a Monograph 
TYP |a Printed language 
980 |a Mạng thư viện Đại học Đà Nẵng